| 000 | 00354nam a2200157Ia 4500 | ||
|---|---|---|---|
| 020 | _a81-7366-094-8 | ||
| 082 | _a510.7834 | ||
| 100 | _aSun, Andrew | ||
| 245 | 0 | _aUsing & Managing PPP | |
| 250 | _a- | ||
| 260 |
_aBeijing _bShroff Publishers & Distributers Pvt. Ltd. |
||
| 300 | _a430 | ||
| 500 | _a2456 | ||
| 650 | _aComputer Science | ||
| 942 | _cBK | ||
| 999 |
_c39082 _d39082 |
||